| Tag |
First Indicator |
Second Indicator |
Subfields |
| LEADER |
00000cam a2200000 4500 |
| 001 |
in00000068344 |
| 005 |
20151008051955.0 |
| 008 |
800115r18961766enk 00010 engm |
| 010 |
|
|
|a 09021139
|
| 035 |
|
|
|a (OCoLC)05872764
|
| 035 |
|
|
|9 AAH1018AM
|
| 040 |
|
|
|a DLC
|c KSU
|d TXA
|d UtOrBLW
|
| 049 |
|
|
|a TXAM
|c [20928]
|
| 050 |
|
0 |
|a JC176
|b .S6
|
| 092 |
|
|
|a 330.1
|b S642
|
| 100 |
1 |
|
|a Smith, Adam,
|d 1723-1790.
|
| 245 |
1 |
0 |
|a Lectures on justice, police, revenue and arms :
|b delivered in the University of Glasgow /
|c by Adam Smith, reported by a student in 1763, and ed. with an introduction and notes by Edwin Cannan.
|
| 264 |
|
1 |
|a Oxford :
|b Clarendon press,
|c 1896.
|
| 300 |
|
|
|a xxxix, 1 unnumbered page, 1 leaf, 293 pages, 1 unnumbered page ;
|c 23 cm.
|
| 336 |
|
|
|a text
|b txt
|2 rdacontent
|
| 337 |
|
|
|a unmediated
|b n
|2 rdamedia
|
| 338 |
|
|
|a sheet
|b nb
|2 rdacarrier
|
| 500 |
|
|
|a Reprinted for the first time from the author's manuscript, with reproduction, "as exact as is possible in type" of manuscript title, "Juris prudence, or, Notes from the lectures on justice, police, revenue, and arms, delivered in the University of Glasgow by Adam Smith, professor of moral philosophy, 1766."
|
| 650 |
|
0 |
|a Political science.
|
| 700 |
1 |
|
|a Cannan, Edwin,
|d 1861-1935.
|
| 999 |
|
|
|a MARS
|
| 999 |
f |
f |
|s eeec8993-3ce1-3c0e-b1e7-a8d8ce555201
|i cb7d9ce4-8b8b-3a1a-95f2-a77b6630ff1e
|t 0
|
| 952 |
f |
f |
|p ric
|a Texas A&M University
|b Rellis Campus
|c Joint Library Facility
|d Remote Storage
|t 0
|e JC176 .S6
|h Library of Congress classification
|i unmediated -- sheet
|m A14800692480
|
| 998 |
f |
f |
|a JC176 .S6
|t 0
|l Remote Storage
|